000 00545nam a2200193 4500
001 131616
003 ES-MaACL
005 20230906194020.0
007 t|
008 070214s1957 sp r ||||1| spa d
100 1 _aRodríguez Buded, Ricardo.
_998386
245 1 0 _aQueda la ceniza
_b: drama en dos actos /
_cRicardo Rodríguez Buded.
260 _aMadrid :
_bBolaños y Aguilar,
_c1957.
300 _a125 p. ;
_c18 cm.
490 1 _aEscena
830 0 _aEscena
_9219593
852 _aES-MaACL
_jC-13931
_bR.41660
999 _c131616
_d131616